Champions League T20 teams 2012 - Statistics

General Stats
  • This quiz has been taken 120 times
  • The average score is 7 of 14
Answer Stats
Hint Answer % Correct
India Mumbai Indians
87%
India Chennai Super Kings
86%
India Kolkata Knight Riders
79%
Australia Sydney Sixers
71%
India Delhi Daredevils
67%
Australia Perth Scorchers
60%
West Indies Trinidad and Tobago
49%
New Zealand Auckland Aces
39%
United Kingdom Yorkshire Carnegie
34%
South Africa Highveld Lions
32%
United Kingdom Hampshire Royals
31%
South Africa Titans
30%
Pakistan Sialkot Stallions
26%
Sri Lanka Uva Next
16%
No matching quizzes found
Score Distribution
Percent of People with Each Score
Percentile by Number Answered
Your Score History
You have not taken this quiz